000 00561nam a2200205 a 4500
999 _c1253
_d1253
001 1253
003 BD-JhCC
005 20171021115259.0
008 171017s bg |||| ||a| 000 0 ben d
035 _a(BD-JhCC)1253
040 _aBD-JhCC
_dBD-JhCC
041 _aben
082 _a891.443
_bBIS
100 _aবিশী, প্রমথনাথ
245 _aকেরী সাহেবের মুন্সী /
_cপ্রমথনাথ বিশী
300 _a462 p. :
_c21 cm.
650 _aBengali Novel
942 _2ddc
_cBK